| 000 | 00539nam a22001817a 4500 | ||
|---|---|---|---|
| 005 | 20240502115935.0 | ||
| 008 | 240502b |||||||| |||| 00| 0 eng d | ||
| 020 | _a9788184731385 | ||
| 082 |
_a615 _bHAR-L |
||
| 100 | _aHarvey Richard A. | ||
| 245 |
_aLippincott's Illustrated Reviews Pharmacology / _cRichard Finkel, Luigi Cubeddu Michele a clark |
||
| 250 | _a4th ed. | ||
| 260 |
_aIndia : _bWolter kluwer : _c2009. |
||
| 300 |
_axii,564p. _bill; _c27cm. |
||
| 500 | _ainclude index. | ||
| 650 | _aMedical / Pharmacology | ||
| 999 |
_c35656 _d35656 |
||